Pünkösd után megkezdik az algyői csatorna építését a sándorfalvai szakasznál kezdik el a munkát
Elmentve itt :
| Dokumentumtípus: | Cikk |
|---|---|
| Megjelent: |
1930-06-01
|
| Sorozat: | Délmagyarország
6 No. 122 |
| Kulcsszavak: | Csatornázás Algyő |
| Online Access: | http://dmarchiv.bibl.u-szeged.hu/59701 |
| LEADER | 00487nab a2200145 i 4500 | ||
|---|---|---|---|
| 001 | delm59701 | ||
| 005 | 20180927144602.0 | ||
| 008 | 180927s1930 hu o 0|| hun d | ||
| 040 | |a SZTE Délmagyarország Archívum |b hun | ||
| 041 | |a hun | ||
| 245 | 0 | 0 | |a Pünkösd után megkezdik az algyői csatorna építését |h [elektronikus dokumentum] : |b a sándorfalvai szakasznál kezdik el a munkát |
| 260 | |c 1930-06-01 | ||
| 300 | |a 5-6 | ||
| 490 | 0 | |a Délmagyarország |v 6 No. 122 | |
| 695 | |a Csatornázás Algyő | ||